UM Logo
Normal view MARC view
  • Xiu, Liancheng.

Entry Personal Name

Number of records used in: 1

001 - CONTROL NUMBER

  • control field: 54548

003 - CONTROL NUMBER IDENTIFIER

  • control field: OSt

005 - DATE AND TIME OF LATEST TRANSACTION

  • control field: 20240313101147.0

008 - FIXED-LENGTH DATA ELEMENTS

  • fixed length control field: 240313|| aca||aabn | a|a d

040 ## - CATALOGING SOURCE

  • Original cataloging agency: OSt
  • Transcribing agency: OSt

100 ## - HEADING--PERSONAL NAME

  • Personal name: Xiu, Liancheng.
  • Relator term: author.

670 ## - SOURCE DATA FOUND

  • Source citation: Work cat.: (OSt): Liu, Xiaokang. author. 54546, A fast positive-sequence component extraction method with multiple disturbances in unbalanced conditions /, August 2022.